000 00784nam a22002177a 4500
999 _c16281
_d16281
003 AR-CdUCM
008 190226b ||||| |||| 00| 0 spa d
040 _aMUNICIPALIDAD PROVINCIAL DEL CUSCO
_cBIBLIOTECA MUNICIPAL DEL CUSCO
082 _a808 /
_bAN62
110 _aEdiciones del Ministerio de Educación Publica
_94885
245 _aAntologia de Literatura Fantastica /
260 _aLima,
_bEdiciones del Ministerio de Educación Publica,
_c1958.
300 _a143 paginas ;
_c18cm.
505 _aAntologia -- Levitación -- La Aventura del hombre que no Nacio -- El Alfiler -- Los Ojos de Judas...
650 _aLiteratura Peruana
_9132
650 _aFantasia
_92989
650 _aPeru
_9429
650 _ahistorias
_9112
942 _2ddc
_cLIBROS
945 _apjha
_d2019-05-02